000 00390nam a22001697a 4500
999 _c10697
_d10697
003 OSt
008 210703b ||||| |||| 00| 0 eng d
020 _a978122436945
082 _a521.57 PRR
100 _aPRASAD,Manohar
245 _aRefrigeration and Air Conditioning
250 _a3rd
260 _aNew Delhi
_bNew Age
_c2021
300 _a559
650 _aDE
_93
942 _2ddc
_cBK